LIBRARY & INFORMATION CENTRE, KCAET, TAVANUR

ONLINE PUBLIC ACCESS CATALOGUE (OPAC)

Manufacturing science / (Record no. 1592)

MARC details
000 -LEADER
fixed length control field 00495cam a2200193ua 4500
020 ## - INTERNATIONAL STANDARD BOOK NUMBER
ISBN 81-85095-85-x
041 ## - LANGUAGE CODE
Language code of text/sound track or separate title eng
082 ## - DEWEY DECIMAL CLASSIFICATION NUMBER
Classification number 670
Item number AMI/MA
100 ## - MAIN ENTRY--AUTHOR NAME
Personal name Amitabhu, Ghosh .
245 ## - TITLE STATEMENT
Title Manufacturing science /
250 ## - EDITION STATEMENT
Edition statement 1 /
260 ## - PUBLICATION, DISTRIBUTION, ETC. (IMPRINT)
Place of publication :
Name of publisher Affiliated East West Press Pvt Ltd ,
Year of publication 1994.
300 ## - PHYSICAL DESCRIPTION
Number of Pages 433 ; .
700 1# - ADDED ENTRY--PERSONAL NAME
Personal name Asok kumar, Malik .
942 ## - ADDED ENTRY ELEMENTS (KOHA)
Koha item type Books
Holdings
Withdrawn status Lost status Damaged status Home library Current library Date acquired Full call number Accession Number Koha item type
      KAUAET KAUAET 07/04/2012 670 18570 Books
free website counter